Utwory Henryka Sienkiewicza - nagła śmierć - Statystyki

Ogólne statystyki
  • Ten quiz został rozwiązany 10 059 razy
    6 516 od ostatniego zresetowania
  • Średni wynik to 6 z 16
Answers on the Grid
Answers color-coded by a green-red scale on the quiz's grid according to % correct below.
,,Quo vadis''
,,Chłopi''
,,Katarynka''
,,Kordian''
,,Potop''
,,Myszeida''
,,Pan Tadeusz''
,,Janko muzykant''
,,Szkice węglem''
,,Krzyżacy''
,,Oda do młodości''
,,Wierna rzeka''
,,Zbrodnia i kara''
,,Pan Wołodyjowski''
,,Dziady''
,,Listy z podróży do Ameryki''
,,Balladyna''
,,W pustyni i w puszczy''
,,Cierpienia młodego Wertera''
,,O poprawie Rzeczypospolitej''
,,Latarnik''
,,Przedwiośnie''
,,Rodzina Połanieckich''
,,Ogniem i mieczem''
,,Niewola tatarska''
,,Lalka''
,,Na polu chwały''
,,Listy z Afryki''
,,Świtezianka''
,,Wspomnienie z Maripozy''
,,Możliwości''
,,Bez dogmatu''
 
Statystyki odpowiedzi
Odpowiedź % Poprawnych
,,Quo vadis''
96%
,,Potop''
69%
,,Krzyżacy''
55%
,,W pustyni i w puszczy''
53%
,,Ogniem i mieczem''
51%
,,Pan Wołodyjowski''
51%
,,Latarnik''
40%
,,Janko muzykant''
27%
,,Listy z Afryki''
27%
,,Listy z podróży do Ameryki''
25%
,,Szkice węglem''
18%
,,Rodzina Połanieckich''
17%
,,Wspomnienie z Maripozy''
17%
,,Niewola tatarska''
16%
,,Na polu chwały''
12%
,,Bez dogmatu''
11%
Nie znaleziono quizów pasujących do podanych kryteriów
Rozkład punktacji
Procent ludzi z każdym wynikiem
Percentyl według liczby udzielonych odpowiedzi
Twoja historia wyników
Nie rozwiązałeś tego quizu od ostatniego zresetowania